<?xml version="1.0" encoding="UTF-8"?><?xml-stylesheet type="text/xsl" href="static/style.xsl"?><OAI-PMH xmlns="http://www.openarchives.org/OAI/2.0/" xmlns:xsi="http://www.w3.org/2001/XMLSchema-instance" xsi:schemaLocation="http://www.openarchives.org/OAI/2.0/ http://www.openarchives.org/OAI/2.0/OAI-PMH.xsd"><responseDate>2026-04-13T01:41:25Z</responseDate><request verb="GetRecord" identifier="oai:www.recercat.cat:2099.1/19556" metadataPrefix="marc">https://recercat.cat/oai/request</request><GetRecord><record><header><identifier>oai:recercat.cat:2099.1/19556</identifier><datestamp>2025-07-22T17:19:30Z</datestamp><setSpec>com_2072_1033</setSpec><setSpec>col_2072_452951</setSpec></header><metadata><record xmlns="http://www.loc.gov/MARC21/slim" xmlns:dcterms="http://purl.org/dc/terms/" xmlns:xsi="http://www.w3.org/2001/XMLSchema-instance" xmlns:doc="http://www.lyncode.com/xoai" xsi:schemaLocation="http://www.loc.gov/MARC21/slim http://www.loc.gov/standards/marcxml/schema/MARC21slim.xsd">
   <leader>00925njm 22002777a 4500</leader>
   <datafield ind2=" " ind1=" " tag="042">
      <subfield code="a">dc</subfield>
   </datafield>
   <datafield ind2=" " ind1=" " tag="720">
      <subfield code="a">Càlvez Castro, Mireia</subfield>
      <subfield code="e">author</subfield>
   </datafield>
   <datafield ind2=" " ind1=" " tag="260">
      <subfield code="c">2013</subfield>
   </datafield>
   <datafield ind2=" " ind1=" " tag="520">
      <subfield code="a">Aquest projecte és per ajudar a qualsevol persona a orientar la seva carrera&#xd;
professional mitjançant els currículums registrats a Infojobs. D’aquests currículums ens&#xd;
interessa dos apartats principals: les experiències desenvolupades i els estudis&#xd;
realitzats durant la trajectòria professional.&#xd;
La ordenació cronològica d'aquestes dues relacions ens descriuen quins passos s’han&#xd;
dut a terme una persona al llarg de la vida fins arribar al punt present.&#xd;
Actualment, a Espanya no existeixen serveis d'informació i coneixement com els que es&#xd;
descriuen en aquest projecte, però hi ha agregadors de feina internacionals que tenen&#xd;
algunes semblances però no ens serveixen pel mercat Espanyol perquè la informació&#xd;
que mostren és d’altres països i tenen les seves pròpies dinàmiques, característiques i&#xd;
nomenclatures dels llocs de treball. Per tant, podem concloure que aquest projecte és&#xd;
pioner al nostre país.&#xd;
La nostra web és un portal on es mostraran gràfiques que descriuen els patrons de&#xd;
comportament dels llocs de treball, dels centres de formació, les empreses i els&#xd;
estudis a nivell estadístic.&#xd;
Ja que el projecte que es desenvolupa és per InfoJobs hi ha cert condicionament en&#xd;
algunes de les eines i tecnologies a utilitzar, algunes d’aquestes són:&#xd;
- “Highcharts”: llibreria que permet la representació i la càrrega de gràfics de forma&#xd;
dinàmica mitjançant “jQuery”.&#xd;
- Aplicació web: s’ha utilitzat Java i el template Spring.&#xd;
- Base de dades de grafs: s’ha utilitzat neo4j (base de dades no relacional).&#xd;
Un dels factors clau del projecte és la capacitat d'agregar informació per poder&#xd;
extreure'n el coneixement que gira al voltant d'aquests quatre camps d'informació que&#xd;
trobem en la secció d’experiències del currículum d'InfoJobs: professió (lloc de&#xd;
treball), nom d'empresa, centre de formació i estudis.&#xd;
En aquests camps es dóna l’opció de introduir valors lliures, fet que fa que la informació&#xd;
no pugui ser tractada de forma directa ja que hi trobem:&#xd;
- Gran disparitat d'informació.&#xd;
- Valors semànticament equivalents.&#xd;
- Valors similars escrits.&#xd;
Això ha provocat que s’hagi d'incloure un apartat inicial de neteja d'informació. A&#xd;
efectes de determinar la viabilitat del projecte s’ha considerat que hi hagi:&#xd;
- Volum de dades suficient per extreure patrons de comportament.&#xd;
- Qualitat i consistència de la informació.&#xd;
- Normalització dels camps, és a dir, conversió a majúscules, eliminació de signes de&#xd;
puntuació (accents, dièresis, punts, comes, …), substitució de caràcters especials (ñ,&#xd;
º, ª,), eliminació d'espais inicials i finals, eliminació de números, eliminació de&#xd;
“stopwords” (articles, preposicions, …), substitució de sinònims i aplicació&#xd;
d'expressions regulars.&#xd;
- Modelització del domini en un graf amb la ordenació cronològica de les&#xd;
experiències i estudis per tal de poder determinar de forma correcta la carrera&#xd;
professional.&#xd;
- Procés de càrrega del graf utilitzant el fitxers de dades que han estat prèviament&#xd;
tractats pel procés de normalització que consta de:&#xd;
a.- Explotació del graf utilitzant el conjunt d’Apis que ofereix la BBDD neo4j.&#xd;
b.- Presentació de resultats.&#xd;
Pel que fa al projecte, es durà a terme un desenvolupament iteratiu i incremental de&#xd;
manera que ens anem acostant a la solució global de projecte a partir de cicles de&#xd;
desenvolupament.</subfield>
   </datafield>
   <datafield tag="653" ind2=" " ind1=" ">
      <subfield code="a">Àrees temàtiques de la UPC::Informàtica::Sistemes d'informació</subfield>
   </datafield>
   <datafield tag="653" ind2=" " ind1=" ">
      <subfield code="a">Data mining</subfield>
   </datafield>
   <datafield tag="653" ind2=" " ind1=" ">
      <subfield code="a">Neo4j</subfield>
   </datafield>
   <datafield tag="653" ind2=" " ind1=" ">
      <subfield code="a">Agregadors</subfield>
   </datafield>
   <datafield tag="653" ind2=" " ind1=" ">
      <subfield code="a">Web</subfield>
   </datafield>
   <datafield tag="653" ind2=" " ind1=" ">
      <subfield code="a">Experiències</subfield>
   </datafield>
   <datafield tag="653" ind2=" " ind1=" ">
      <subfield code="a">Currículum</subfield>
   </datafield>
   <datafield tag="653" ind2=" " ind1=" ">
      <subfield code="a">Infojobs</subfield>
   </datafield>
   <datafield tag="653" ind2=" " ind1=" ">
      <subfield code="a">Highcharts</subfield>
   </datafield>
   <datafield tag="653" ind2=" " ind1=" ">
      <subfield code="a">jQuery</subfield>
   </datafield>
   <datafield tag="653" ind2=" " ind1=" ">
      <subfield code="a">Normalització</subfield>
   </datafield>
   <datafield tag="653" ind2=" " ind1=" ">
      <subfield code="a">Api</subfield>
   </datafield>
   <datafield tag="653" ind2=" " ind1=" ">
      <subfield code="a">Mineria de dades</subfield>
   </datafield>
   <datafield ind2="0" ind1="0" tag="245">
      <subfield code="a">Pla de carrera</subfield>
   </datafield>
</record></metadata></record></GetRecord></OAI-PMH>